|
|
|
|
| LEADER |
02001nam a2200529 i 4500 |
| 001 |
nkc20152710416 |
| 003 |
CZ PrNK |
| 005 |
20150807090752.0 |
| 007 |
ta |
| 008 |
150703s2014 xr e 000 0 cze |
| 015 |
|
|
|a cnb002710416
|
| 020 |
|
|
|a 978-80-87402-36-8
|q (brožováno)
|
| 035 |
|
|
|a (OCoLC)918017632
|
| 040 |
|
|
|a OLA001
|b cze
|e rda
|
| 043 |
|
|
|a e-xr---
|
| 072 |
|
7 |
|a 639.2/.6
|x Rybářství
|2 Konspekt
|9 24
|
| 080 |
|
|
|a 799.1
|2 MRF
|
| 080 |
|
|
|a 502/504
|2 MRF
|
| 080 |
|
|
|a 574.5
|2 MRF
|
| 080 |
|
|
|a (437.3)
|2 MRF
|
| 080 |
|
|
|a (036)
|2 MRF
|
| 100 |
1 |
|
|a Musil, Jiří,
|d 1979-
|7 mzk2007424036
|4 aut
|
| 245 |
1 |
0 |
|a Rekreační rybářství a vodní ekosystémy v České republice: principy vedoucí k trvalé udržitelnosti /
|c Jiří Musil, Lukáš Kalous, Tereza Vajglová, Miloslav Petrtýl
|
| 250 |
|
|
|a Vydání první
|
| 264 |
|
1 |
|a Praha :
|b Výzkumný ústav vodohospodářský T.G. Masaryka, veřejná výzkumná instituce,
|c 2014
|
| 300 |
|
|
|a 22 stran ;
|c 21 cm
|
| 336 |
|
|
|a text
|b txt
|2 rdacontent
|
| 337 |
|
|
|a bez média
|b n
|2 rdamedia
|
| 338 |
|
|
|a svazek
|b nc
|2 rdacarrier
|
| 500 |
|
|
|a 30 výtisků
|
| 504 |
|
|
|a Obsahuje bibliografii
|
| 650 |
0 |
7 |
|a sportovní rybolov
|7 ph116253
|z Česko
|2 czenas
|
| 650 |
0 |
7 |
|a sportovní rybolov
|7 ph116253
|x environmentální aspekty
|2 czenas
|
| 650 |
0 |
7 |
|a vodní ekosystémy
|7 ph116599
|2 czenas
|
| 650 |
0 |
9 |
|a sport fishing
|z Czechia
|2 eczenas
|
| 650 |
0 |
9 |
|a sport fishing
|x environmental aspects
|2 eczenas
|
| 650 |
0 |
9 |
|a water ecosystems
|2 eczenas
|
| 655 |
|
7 |
|a informační publikace
|7 fd132454
|2 czenas
|
| 655 |
|
9 |
|a information publications
|2 eczenas
|
| 700 |
1 |
|
|a Kalous, Lukáš,
|d 1974-
|7 xx0052951
|4 aut
|
| 700 |
1 |
|
|a Barteková, Tereza,
|d 1984-
|7 ola2015878955
|4 aut
|
| 700 |
1 |
|
|a Petrtýl, Miloslav,
|d 1980-
|7 ola2015878963
|4 aut
|
| 910 |
2 |
|
|a BOA001
|b 2-1350.384
|
| 990 |
|
|
|a BK
|
| 995 |
|
|
|a 01
|
| 991 |
|
|
|b 201508
|c NOV
|e n
|
| 996 |
6 |
|
|b 2610638903
|c 2-1350.384
|l MZK
|r Sklad / do 1 hodiny
|n 0
|p p.v.
|w 001514290
|u 000010
|a 1
|e BOA001
|j MZK50
|s P
|